000 01413naa a22003137a 4500
001 BR9603244
003 BR-BrBNA
005 20240918181831.0
007 ta
008 230509b bl.||||| |||| 00| 0 por d
040 _aBR-BrBNA
_bpor
_cBiblioteca Nacional de Agricultura
041 _a(Pt)
072 _aF62
_b3290
_b3575
090 _aF62 BR9603244
100 1 _aBarbosa, J.M.
100 1 _aAguiar, I.B. de
100 1 _aSantos, S.R.G. dos
100 1 _aZeller, M.F.B.
111 1 _a1. Congresso Florestal Panamericano7. Congresso Florestal Brasileiro
_cCuritiba, PR (Brazil)
_d19-24 Sep 1993
245 1 _aEfeito da cumarina na maturacao de sementes de Copaifera langsdorfii Desf.
260 3 _aCuritiba, PR (Brasil):
_c1993.
500 _aAnais do 1. Congresso Florestal Panamericano e 7. Congresso Florestal Brasileiro. Floresta para o desenvolvimento: politica, ambiente, tecnologia e mercado. Trabalhos voluntarios e posters Curitiba, PR (Brasil): 1993. v. 2 p. 422-424 (BR9603244-AM)F62
650 _aCopaiba
650 _aSemente
650 _aMaturacao
773 0 _tAnais do 1. Congresso Florestal Panamericano e 7. Congresso Florestal Brasileiro. Floresta para o desenvolvimento: politica, ambiente, tecnologia e mercado. Trabalhos voluntarios e posters
_wF62 BR9603244
_gCuritiba, PR (Brasil), 1993. v. 2 p. 422-424
909 _a202404
_bLucia
_c55
_dLucia Elande
942 _cAM
_2AGRIS
999 _c327070
_d327070